Statistics for Movies By Clue #8

Click here to take the quiz!

General Stats

  • This quiz has been taken 275 times
  • The average score is 11 of 23

Answer Stats

Hint Answer % Correct
Princess Fiona, Donkey, Lord Farquad,Shrek
92%
Austria, Julie Andrews, A Few Of My Favourite ThingsThe Sound Of Music
84%
Wilson, Tom Hanks, FootballCast Away
79%
Need A Bigger Boat, John Williams, Nails On ChalkboardJaws
76%
'Dancing Queen', Greece, Pierce Brosnan's Atrocious SingingMamma Mia
70%
Ivan Drago, Cold War, 'Hearts On Fire'Rocky IV
63%
Russian Roulette, Vietnam, Christopher WalkenThe Deer Hunter
60%
Neuralyser, Will Smith, A Person Is Smart People Are DumbMen In Black
55%
Dr. Zaius, Statue of Liberty, Charlton HestonPlanet Of The Apes
53%
Heath Ledger, Geoffrey Chaucer, JoustingA Knight's Tale
51%
Kevin Spacey, Lester Burnham, Bag In The WindAmerican Beauty
50%
Muster The Rohririm, Army Of The Dead, Aragorn's Epic SpeechThe Lord Of The Rings: Return Of The King
50%
Neo Nazis, Edward Furlong, Kerb StompAmerican History X
48%
'Can't Fight The Moonlight', Redneck Strip Club, Tyra BanksCoyote Ugly
46%
Green Skin, Somebody Stop Me, LokiThe Mask
42%
Whiting Up, 'Thousand Miles', Terry CrewsWhite Chicks
35%
Method Acting, Michael Keaton, Raymond CarverBirdman
35%
Golden Fleece, Skeleton Warriors, HarpiesJason & The Argonauts
31%
'Killing Me Softly', Hugh Grant, BritcomedyAbout A Boy
23%
Studio Ghibli, Chihiro, No FaceSpirited Away
23%
Robert Redford, Mombasa, John BarryOut Of Africa
13%
Nunchuks, Chuck Norris, RomeWay Of The Dragon
6%
Chiyo Sakamoto, Japan WW2, Zen GardenMemoirs Of A Geisha
5%

Score Distribution

Percentile by Number Answered

Percent of People with Each Score

Your Score History

You have not taken this quiz